Normal view
MARC view
Entry Uniform Title
001 - CONTROL NUMBER
- control field: 11200
003 - CONTROL NUMBER IDENTIFIER
- control field: BD-RjUL
005 - DATE AND TIME OF LATEST TRANSACTION
- control field: 20240129095952.0
008 - FIXED-LENGTH DATA ELEMENTS
- fixed length control field: 240129|| aca||aabn | a|a d
040 ## - CATALOGING SOURCE
- Original cataloging agency: BD-RjUL
- Transcribing agency: BD-RjUL
130 ## - HEADING--UNIFORM TITLE
- Uniform title: انتشارات دانشگاه تهران ؛ ;; Intishārāt-i Dānishgah Tihrān
670 ## - SOURCE DATA FOUND
- Source citation: Work cat.: (BD-RjUL)82827: Ibn Sina ;;ابن سينا. 980-1037. 11199, مخارج الحروف، يا، اسباب حدوث الحروف / ;; Makhārij al-ḥurūf, yā, Asbāb-i ḥudūs̲ al-ḥurūf /, 1333- [1954-]